| 000 | 00386nam a2200121Ia 4500 | ||
|---|---|---|---|
| 008 | 220216s9999 xx 000 0 und d | ||
| 100 | _aHaridasan V. | ||
| 245 | 3 | _aAn enquiry into the management practices followed in rubber estates in India | |
| 260 |
_bPh.D. Thesis, University of Cochin, Cochin, India. _c1977 |
||
| 650 | _aEstate management | ||
| 650 | _aRubber estate | ||
| 942 | _cBS | ||
| 999 |
_c49809 _d49809 |
||